Ongoing armed conflicts in the world - Statistics

General Stats
  • This quiz has been taken 182 times
  • The average score is 12 of 16
Answer Stats
Hint Answer % Correct
50.000+ Syria
97%
23.800+ Iraq
92%
23.500+ Afghanistan
89%
1.500 Yemen
80%
643 Pakistan
79%
3.425 Sudan
78%
902 Ukraine
78%
5.701 Somalia
76%
12.224 Mexico
72%
4.037 South Sudan
72%
2.865 Libya
71%
4.930 Nigeria
69%
607 Democratic Republic Congo
66%
1.578 Egypt
62%
1.905 Turkey (Syria,Iraq)
57%
623 Central African Republic
28%
No matching quizzes found
Score Distribution
Percent of People with Each Score
Percentile by Number Answered
Your Score History
You have not taken this quiz